LEADER 01414nam a2200301 u 4500 001 000000031237 003 CaOOAMICUS 005 20150908105555.0 008 970930s1968 gw b u000 u ger u 035 $a10771010 040 $aPUL(R)$bita 130 0 $aBiblia.$pN.T.$pActus apostolorum.$lTedesco.$0(OLS)http://pul/title/41196 245 14$aDie Apostelgeschichte /$cneu übersetzt und erklärt von D. Ernst Haenhen. 250 $a6., durchgesehen Aufl. dieser Neuauslegung. 260 $aGöttingen :$bVanderhoeck & Ruprecht,$c1968. 300 $a16*, 694 p. $c23 cm. +$e1 c. geogr 490 1 $aKritsch-essegetischer Kommentar über das Neue Testament.$a3. Abteilung 700 1 $aHaenchen, Ernst.$0(OLS)http://pul/name/24989 830 0$aKritsch-essegetischer Kommentar über das Neue Testament.$p3. Abteilung.$0(OLS)http://pul/title/42936 850 $aPUL 852 $aPUL$W1$xSL Religione 1$y3$m10 A 2$j43160$nBK-PRI$b $qStampati$B43160$CPULBib$Z2$F43160 $H $81 852 $aPUL$W1$xDP1 Fondo S. Lanza$y121$m3 M 86$j168252$qFondi$B168849$CPULBib$Z2$F168849 $HLAN1284 $82 941 1 $a8 941 1 $a1 961 $aINV: 38110. 961 $aNota ms. di possesso: Sergio Lanza 996 $6245$aDie Apostelgeschichte$9(OLS)http://pul/title/41197 996 $6260$aGöttingen :$bVanderhoeck & Ruprecht$9(OLS)http://pul/publisher/60993 LEADER 01181nam a2200265 u 4500 001 000000106352 003 CaOOAMICUS 005 20070716142821.0 008 070716s1989 ci aod u000 u scc u 020 $z86-81159-06-02* 040 $aPUL$bita$dGP 100 1 $aMarovic, Vinko.$0(OLS)http://pul/name/65297 245 10$aHrvatska katolicka misija =$bKroatische katholische Mission /$cVinko Marovic, Dinko Aracic. 246 13$aKroatische katholische Mission 260 $aSplit :$bZbornik "Kaci?",$cc1989. 300 $a110 p. ;$c30 cm. 650 4$aMissioni cattoliche.$0(OLS)http://pul/subject/7697 700 1 $aAracic, Dinko,$cO.F.M.,$d1947-$0(OLS)http://pul/name/1225 850 $aPUL 852 $aPUL$W1$xSL Filosofia 1$y2$m129(1) D 5$j119573$qStampati$B119359$CPULBib$Z2$F119359 $H63077 $82 941 1 $a8 996 $6020$z86-81159-06-02*$9(OLS)http://pul/number/135257 996 $6245$aHrvatska katolicka misija =$bKroatische katholische Mission$9(OLS)http://pul/title/133932 996 $6246$aKroatische katholische Mission$9(OLS)http://pul/title/133933 996 $6260$aSplit :$bZbornik "Kacic?"$9(OLS)http://pul/publisher/79339 LEADER 01269nam a2200301 u 4500 001 000000029514 003 CaOOAMICUS 005 20070226111926.0 008 970401s1996 it aefh u000 u ita u 020 $a8815043349 035 $a10757319 040 $aEFR$bita$dBSR 245 00$aStoria antica :$bcome leggere le fonti /$ca cura di Lellia Cracco Ruggini. 260 $aBologna :$bIl Mulino,$cc1996. 300 $axxxi, 195 p., [16] p. de pl. :$bill., plans, fac-sim. ;$c23 cm 490 1 $aStrumenti.$aStoria 504 $aBibliographie en note. 650 0$aHistory, Ancient$xHandbooks, manuals, etc.$2//eng$0(OLS)http://pul/subject/16939 650 0$aHistory, Ancient$xStudy and teaching.$2//eng$0(OLS)http://pul/subject/16940 700 1 $aCracco Ruggini, Lellia,$d1931-2021.$0(OLS)http://pul/name/5562 830 0$aStrumenti.$pStoria.$0(OLS)http://pul/title/40404 850 $aPUL 852 $aPUL$W1$xSL Filosofia 1$y2$m117 E 36$j40888$nBK-PRI$b $qStampati$B40888$CPULBib$Z2$F40888 $81 941 1 $a8 961 $aINV: 82335 996 $6020$a8815043349$9(OLS)http://pul/number/36946 996 $6245$aStoria antica :$bcome leggere le fonti$9(OLS)http://pul/title/40403 996 $6260$aBologna :$bIl Mulino$9(OLS)http://pul/publisher/47928